Nevayi'nin sözleri ve Çağatayca tanıklar = (Record no. 15784)

MARC details
000 -BAŞLIK
Sabit Uzunlukta Kontrol Alanı 00988nam a22002537a 4500
999 ## - SİSTEM KONTROL NUMARALARI (KOHA)
Koha Biblionumber 15784
Koha Biblioitemnumber 15784
003 - KONTROL NUMARASI IDENTIFIER
Denetim Alanı MIRAKIL
005 - SON İŞLEM TARİHİ VE ZAMANI
Denetim Alanı 20240325171643.0
008 - SABİT-BOY VERİ ELEMANLARI - GENEL BİLGİLER
Sabit Uzunlukta Kontrol Alanı 240325b tu ||||| |||| 00| 0 tur d
020 ## - ULUSLARARASI STANDART KİTAP NUMARASI
Uluslararası Standart Kitap Numarası 9789751623805
040 ## - KATALOGLAMA KAYNAK
Orijinal Kataloglama Ajansı TR-AnCHP
Metne Dönüştürmek Ajansı TR-AnCHP
041 ## - DİL KODU
Metin / Ses Parça Veya Ayrı Başlığın Dil Kodu tur
082 ## - DEWEY ONLU SINIFLANDIRMA NUMARASI
Sınıflandırma Numarası 418.9913
Ürün Numarası N59n 2022
100 ## - ANA GİRİŞ - KİŞİSEL İSİM
Kişisel Ad Niyazi
245 10 - BAŞLIK TABLOSU
Başlık Nevayi'nin sözleri ve Çağatayca tanıklar =
Başlığın Kalan el-lugatu'n-neva'iyye ve 'l-istişhadatu 'l-cagata'iyye /
Sorumluluk Tablosu, Vb Niyazi ; hazırlayan: Mustafa S. Kaçalin.
246 ## - UNVAN FORM VARYING
Başlık Doğru / Kısa Başlığı El-lugatu'n-neva'iyye ve 'l-istişhadatu 'l-cagata'iyye
260 ## - YAYIN, DAĞITIM, VB
Yayın, Dağıtım, Vb Yeri Ankara :
Yayıncı, Dağıtıcı, Vs Adı Türk Dil Kurumu,
Yayın, Dağıtım, Vb Tarihi 2022.
300 ## - FİZİKSEL TANIM
Kapsam 1110, 190 s. ;
Boyutlar 24 cm.
490 0# - SERİSİ TABLOSU
Seri Beyanı Atatürk Kültür, Dil ve Tarih Yüksek Kurumu Türk Dil Kurumu Yayınları ;
Hacim / Ardışık Tanımı 1027.
500 ## - GENEL NOT
Genel Not Osmanlıca tıpkıbasım içerir<br/>
504 ## - KAYNAKÇA VB NOT
Kaynakça Vb Notu Kaynakça: 39-85. ss.<br/>
650 #0 - KONU KATMA GİRİŞ - TOPİKAL DÖNEM
9 (RLIN) 7721
Topikal Süreli Veya Coğrafi Ad Giriş Elemanı Çağatay edebiyatı
856 ## - ELEKTRONİK YER VE ERİŞİM
Kamu Notu Dijital Nüshası için Partimizin Kütüphane Sorumlusu ile iletişime geçiniz.
942 ## - EKLENDİ GİRİŞ ELEMANLARI (KOHA)
Sınıflandırma Veya Raf Düzeni Kaynak Dewey Decimal Classification
Koha Öğesi Türü Books
Holdings
Kalıcı Konum Mevcut Konum Edinme Tarihi Toplam Check-Out'Lar Tam Çağrı Numarası Barkod Tarih Son Görülme İtibaren Geçerli Fiyatlar Koha Öğesi Türü
CHP Kütüphanesi CHP Kütüphanesi 03/25/2024   418.9913 N59n 2022 21718 03/25/2024 03/25/2024 Books